Countries of Africa that Produce the most Oil - Statistics

General Stats
  • This quiz has been taken 59 times
  • The average score is 9 of 10
Answer Stats
Hint Answer % Correct
1 Nigeria
100%
4 Algeria
96%
5 Egypt
96%
2 Libya
94%
3 Angola
89%
6 Republic of Congo
85%
10 Chad
78%
7 Gabon
78%
8 Ghana
78%
9 Equatorial Guinea
67%
No matching quizzes found
Score Distribution
Percent of People with Each Score
Percentile by Number Answered
Your Score History
You have not taken this quiz